Kế toán quản trị và phân tích kinh doanh

Kaydedildi:
Detaylı Bibliyografya
Yazar: Phạm Văn Dược
Materyal Türü: Kitap
Dil:Vietnamese
Baskı/Yayın Bilgisi: TKE 1995
Etiketler: Etiketle
Etiket eklenmemiş, İlk siz ekleyin!
Thư viện lưu trữ: Mạng thư viện Đại học Đà Nẵng
LEADER 00638nam a2200277 4500
001 000026936
003 979
005 20150325120000.0
008 150325s vm 000 vie
020 |c 21,0000 
040 |a NOTTS 
100 |a Phạm Văn Dược 
245 |a Kế toán quản trị và phân tích kinh doanh 
260 |b TKE  |c 1995 
300 |a 319tr. ; 
OWN |a LTT 
999 |a From the UDN01 
TYP |a Monograph 
TYP |a Printed language 
980 |a Mạng thư viện Đại học Đà Nẵng